Viết theo dòng đổi mới tư duy kinh tế

Đã lưu trong:
Chi tiết về thư mục
Tác giả chính: Đào Xuân Sâm
Định dạng: Sách
Ngôn ngữ:Vietnamese
Được phát hành: TN 2000
Các nhãn: Thêm thẻ
Không có thẻ, Là người đầu tiên thẻ bản ghi này!
Thư viện lưu trữ: Mạng thư viện Đại học Đà Nẵng
LEADER 00636nam a2200277 4500
001 000026008
003 1546
005 20150325120000.0
008 150325s vm 000 vie
020 |c 40000,0000 
040 |a NOTTS 
100 |a Đào Xuân Sâm 
245 |a Viết theo dòng đổi mới tư duy kinh tế 
260 |b TN  |c 2000 
300 |a 359tr. ; 
OWN |a LTT 
999 |a From the UDN01 
TYP |a Monograph 
TYP |a Printed language 
980 |a Mạng thư viện Đại học Đà Nẵng